| 000 | 00496 a2200193 4500 | ||
|---|---|---|---|
| 005 | 20260409124359.0 | ||
| 008 | 260409b |||||||| |||| 00| 0 eng d | ||
| 020 |
_a9788182041240 _cRs. 1295.00 |
||
| 040 | _aMAIN | ||
| 082 |
_a641.563 _bA54S |
||
| 100 | _aAnirban | ||
| 245 | _a Super immunity kitchen | ||
| 260 |
_bAman Publications _c2021 _aNew Delhi |
||
| 650 | _aFood Technology | ||
| 650 | _aFood and Drinks | ||
| 650 | _aCooking - Diets | ||
| 700 | _aAggarwal, Neeraj | ||
| 942 | _cBK | ||
| 999 |
_c395663 _d395663 |
||